header

Grover Park George on Access (Record no. 151901)

MARC details
000 -LEADER
fixed length control field 01318nam a2200361 a 4500
082 04 - DEWEY DECIMAL CLASSIFICATION NUMBER
Classification number 005.75/65
100 1# - MAIN ENTRY--AUTHOR NAME
Personal name Hepworth, George
245 10 - TITLE STATEMENT
Title Grover Park George on Access
260 ## - PUBLICATION, DISTRIBUTION, ETC. (IMPRINT)
Place of publication Uniontown, Ohio :
Name of publisher Holy Macro! Books,
Year of publication c2003.
300 ## - PHYSICAL DESCRIPTION
Number of Pages 1 v. (various pagings) :
Other physical details ill.
500 ## - GENERAL NOTE
General note Cover title.
650 #0 - SUBJECT ADDED ENTRY--TOPICAL TERM
Topical Term Database design.
Topical Term Database management.
856 40 - ELECTRONIC LOCATION AND ACCESS
Uniform Resource Identifier http://site.ebrary.com/lib/rucke/Doc?id=10237056

No items available.

© 2026 Rongo University
Contact us: librarian | system librarian | Rongo university